00337nam a2200133Ia 45000030006000000080041000060400015000471000040000622450053001022500010001552600009001655460012001740050017001860STCL150530s9999 xx 000 0 und d aSTCLcSTCL aFoster Carey, G.; Porter Alfred, W. aElementary treatise on electricity and magnetism aThird c1913 aEnglish20220125170200.0